[Event "Roncana op-C 6th"]
[Site "Santa Eulalia de Roncana"]
[Date "2012.11.17"]
[Round "6.5"]
[White "Valero Canovas, Marc"]
[Black "Jove Barroso, Arnau"]
[Result "0-1"]
[WhiteElo "1828"]
[BlackElo "1700"]
[PlyCount "126"]
[EventDate "2012.10.06"]
[EventType "swiss"]
[EventRounds "8"]
[EventCountry "ESP"]
[SourceTitle "EXT 2024"]
[Source "ChessBase"]
[SourceDate "2023.10.10"]
[SourceVersion "1"]
[SourceVersionDate "2023.10.10"]
[SourceQuality "1"]

1. e4 c6 2. d4 d5 3. Nc3 dxe4 4. Nxe4 Bf5 5. Nc3 Nf6 6. Be2 g6 7. Nf3 Bg7 8. 0-0 Ne4 9. Nxe4 Bxe4 10. c3 0-0 11. Bf4 Nd7 12. Bd3 Bxd3 13. Qxd3 c5 14. dxc5 Nxc5 15. Qxd8 Rfxd8 16. Rfe1 Rd7 17. h3 Nd3 18. Red1 Rad8 19. Bc1 b5 20. Kf1 b4 21. cxb4 Nxb2 22. Rxd7 Rxd7 23. Bxb2 Bxb2 24. Rb1 Bc3 25. Ne1 Rd2 26. a3 Bd4 27. f3 Rf2+ 28. Kg1 Rb2+ 29. Kh2 Rxb1 30. Nd3 Ra1 31. Nf4 Rxa3 32. Nd5 e6 33. Ne7+ Kf8 34. Nc6 Bc3 35. Kg1 Ra4 36. b5 Ke8 37. Kf2 Kd7 38. Nb8+ Kd6 39. Na6 Rxa6 40. bxa6 Kc6 41. Ke3 Kb6 42. Kd3 Bg7 43. Kc2 Kxa6 44. Kb3 Kb5 45. Ka3 Kc4 46. Ka4 Kd3 47. Ka5 Ke3 48. Ka6 Kf2 49. Kxa7 Kxg2 50. Kb7 Kxf3 51. Kc7 e5 52. Kd7 e4 53. Ke7 e3 54. Kxf7 e2 55. Kxg7 e1Q 56. Kxh7 Qg3 57. Kh6 Qxh3+ 58. Kxg6 Qe6+ 59. Kg5 Qf7 60. Kh6 Qg8 61. Kh5 Kf4 62. Kh6 Kf5 63. Kh5 Qg5# 0-1

[Event "Roncana op-C 6th"]
[Site "Santa Eulalia de Roncana"]
[Date "2012.11.03"]
[Round "4.3"]
[White "Valero Canovas, Marc"]
[Black "Castillo Valles, Jordi"]
[Result "1-0"]
[WhiteElo "1828"]
[BlackElo "1743"]
[PlyCount "115"]
[EventDate "2012.10.06"]
[EventType "swiss"]
[EventRounds "8"]
[EventCountry "ESP"]
[SourceTitle "EXT 2024"]
[Source "ChessBase"]
[SourceDate "2023.10.10"]
[SourceVersion "1"]
[SourceVersionDate "2023.10.10"]
[SourceQuality "1"]

1. e4 e5 2. Nf3 d6 3. d4 Be7 4. Bc4 Nf6 5. Nc3 0-0 6. dxe5 dxe5 7. Qxd8 Rxd8 8. 0-0 Nc6 9. Bg5 Be6 10. Bxe6 fxe6 11. Bxf6 Bxf6 12. h3 Rf8 13. Rad1 Rad8 14. Nb5 Nd4 15. Nfxd4 exd4 16. Nxc7 Rd6 17. Nb5 Rd7 18. c3 d3 19. Rd2 Bg5 20. Rdd1 d2 21. Nd4 Rd6 22. e5 Rb6 23. b4 h6 24. a4 Kh8 25. g3 a5 26. f4 Be7 27. bxa5 Rb2 28. Nxe6 Rc8 29. Nd4 Rxc3 30. Rf2 Rc1 31. Rfxd2 Rxd2 32. Rxc1 Rxd4 33. Rc7 Bb4 34. Rxb7 Bxa5 35. e6 Bb4 36. a5 Bxa5 37. e7 Re4 38. Rb8+ Kh7 39. e8Q Bb6+ 40. Kg2 Rxe8 41. Rxe8 Bc5 42. Re4 g5 43. fxg5 hxg5 44. h4 gxh4 45. gxh4 Bd6 46. Re6 Bc5 47. Kf3 Kg7 48. Ra6 Kf7 49. Ke4 Ke7 50. Ke5 Bf2 51. h5 Kf7 52. h6 Kg8 53. Re6 Bg3+ 54. Kf6 Bh4+ 55. Kf5 Kh7 56. Kg4 Bd8 57. Kh5 Kg8 58. Re8+ 1-0

[Event "Roncana op-C 5th"]
[Site "Santa Eulalia de Roncana"]
[Date "2011.11.19"]
[Round "7"]
[White "Valero Canovas, Marc"]
[Black "Baltasar Diaz, Vicente"]
[Result "0-1"]
[WhiteElo "1718"]
[BlackElo "1780"]
[PlyCount "38"]
[EventDate "2011.10.01"]
[EventType "swiss"]
[EventRounds "8"]
[EventCountry "ESP"]
[SourceTitle "EXT 2013"]
[Source "ChessBase"]
[SourceDate "2012.11.22"]
[SourceVersion "1"]
[SourceVersionDate "2012.11.22"]
[SourceQuality "1"]

1. d4 Nf6 2. e3 d5 3. Bd3 Nc6 4. Nf3 g6 5. 0-0 Bg7 6. Nc3 0-0 7. Bd2 e6 8. e4 dxe4 9. Nxe4 Nxe4 10. Bxe4 Nxd4 11. Bg5 Nxf3+ 12. Qxf3 Qxg5 13. Rab1 Rb8 14. g3 b6 15. b3 Ba6 16. Rfd1 Qh5 17. g4 Qe5 18. Re1 Qc3 19. Qd1 Rbd8 0-1

[Event "Roncana op-C 5th"]
[Site "Santa Eulalia de Roncana"]
[Date "2011.11.05"]
[Round "5"]
[White "Valero Canovas, Marc"]
[Black "Parra Ordorica, Gorka"]
[Result "1-0"]
[WhiteElo "1718"]
[BlackElo "1739"]
[PlyCount "117"]
[EventDate "2011.10.01"]
[EventType "swiss"]
[EventRounds "8"]
[EventCountry "ESP"]
[SourceTitle "EXT 2013"]
[Source "ChessBase"]
[SourceDate "2012.11.22"]
[SourceVersion "1"]
[SourceVersionDate "2012.11.22"]
[SourceQuality "1"]

1. d4 d5 2. e3 Nc6 3. Nf3 Bf5 4. Bd3 Bxd3 5. cxd3 e6 6. 0-0 Bb4 7. Bd2 Bxd2 8. Qxd2 Nf6 9. Qd1 0-0 10. Ne5 Nxe5 11. dxe5 Nd7 12. d4 Re8 13. g3 Qe7 14. a3 Rad8 15. Nc3 Nb6 16. b3 h6 17. Qe2 a5 18. Rfb1 c6 19. Rd1 Ra8 20. Rd2 a4 21. bxa4 Nxa4 22. Nxa4 Rxa4 23. Rd3 Rea8 24. Qb2 Rc4 25. Ra2 Raa4 26. Kg2 Qg5 27. f4 Qf5 28. Rc3 Rxc3 29. Qxc3 Rc4 30. Qb2 Qg4 31. h3 Qf5 32. g4 Qe4+ 33. Kf2 Qd3 34. Qd2 Rc3 35. Qxd3 Rxd3 36. Rb2 b5 37. a4 bxa4 38. Ra2 g5 39. fxg5 hxg5 40. Rxa4 Rd2+ 41. Kg1 Kf8 42. Ra8+ Ke7 43. Ra7+ Kd8 44. Rxf7 Ke8 45. Rc7 Kd8 46. Rxc6 Kd7 47. Rd6+ Kc7 48. Rxe6 Kb7 49. Rd6 Kc7 50. Rxd5 Kc6 51. e4 Kb6 52. e6 Re2 53. Re5 Kc7 54. e7 Kd7 55. e8Q+ Kd6 56. Qe6+ Kc7 57. Rxg5 Kb7 58. Rg7+ Kb8 59. Qg8# 1-0